000 00318nam a22001457a 4500
003 SGT
020 _a938426617-5
082 _a616
_bGUP
100 _aGUPTA, DR. M.K.
245 _aTEXTBOOK OF PATHOPHYSIOLOGY
260 _aINDIA
_bBIRLA PUB.
_c2026
300 _a235
650 _aPATHOPHYSIOLOGY
942 _2ddc
_cBK
999 _c32949
_d32949